01621nam a2200445 i 450000100060000000300080000600500170001400600190003100700150005000800410006502000270010602000180013303500230015103500240017403500250019803500210022304000310024405000210027508000100029608200150030610000250032124500730034626400460041930000410046533600310050633700330053733800430057050000220061350400290063558801240066459001590078865000260094765000300097365000200100365000270102365500270105079700190107785600620109699900170115836242FlNmELB20241216221413.0m o d | cr cnu||||||||160729s1994 ag ob 001 0 spa d a9781512930191 (e-book) z9789508020253 a(MiAaPQ)EBC4536612 a(Au-PeEL)EBL4536612 a(CaPaEBR)ebr11217300 a(OCoLC)984771969 aFINmELBbspaerdacFINmELB 4aTT957bG463 1994 a613.40 a646.722231 aGil Miranda, Mireya.10aConquistemos belleza :bviviendo con pasión /cMireya Gil Miranda. 1aBuenos Aires :bEspacio Editorial,c1994. a1 recurso en línea (122 páginas) atextobtxt2rdacontent/spa acomputadorabc2rdamedia/spa arecurso en líneabcr2rdacarrier/spa aIncluye índice. aContiene bibliografía. aDescripción basada en recurso en línea; Título de la página del título en PDF (e-libro, visto July 29, 2016). aRecurso electronico. Santa Fe, Arg. : e-libro, 2016. Disponible via World Wide Web. El acceso puede ser limitado para las bibliotecas afiliadas a e-libro. 0aSelf-help techniques. 4aTécnicas de autoestima. 0aBeauty culture. 4aCultura de la belleza. 4aLibros electrónicos.2 ae-libro, Corp.40uhttps://elibro.net/ereader/politecnicointernacional/66868 c36242d36242